| 000 | 00682nam a2200193Ia 4500 | ||
|---|---|---|---|
| 008 | 000000[1983?] sp a 0000000000spa00 | ||
| 090 | _aPSP00 S67j | ||
| 100 | 1 |
_aSorolla, Joaquín _d18631923 |
|
| 245 | 1 | 3 |
_aEl Jardín de la Casa Sorolla _b: en la pintura de Sorolla |
| 300 |
_a[24] p. _c/ 28 cm. |
||
| 500 | _aCon el patronazgo del maestro venezolano Jesús Rafael Soto (q.e.p.d.) | ||
| 600 | 0 | 0 |
_aSOROLLA, JOAQUIN, 18631923/ _xTRABAJOS PICTORICOS |
| 650 | 1 | 4 | _aARTE MODERNO ESPAÑOL |
| 650 | 1 | 4 | _xCATALOGOS |
| 650 | 1 | 4 | _aJARDINES EN EL ARTE |
| 650 | 1 | 4 | _aPINTORES ESPAÑOLES |
| 650 | 1 | 4 | _aPINTURA ESPAÑOLA |
| 999 |
_c2318 _d2318 |
||
| 260 |
_aMadrid : Ministerio de Cultura _c1983 |
||